<?xml version="1.0" encoding="UTF-8"?>
<marc:record xmlns:marc="http://www.loc.gov/MARC21/slim">
   <marc:leader>00000nam a2200000 a 4500</marc:leader>
   <marc:datafield ind1="1" ind2=" " tag="100">
      <marc:subfield code="a">Till, Jochen</marc:subfield>
      <marc:subfield code="4">aut</marc:subfield>
      <marc:subfield code="e">Verfasser/-in</marc:subfield>
   </marc:datafield>
   <marc:datafield ind1="0" ind2="0" tag="245">
      <marc:subfield code="a">Einmal Hölle und zurück</marc:subfield>
   </marc:datafield>
   <marc:datafield ind1=" " ind2="1" tag="264">
      <marc:subfield code="b">Loewe</marc:subfield>
   </marc:datafield>
   <marc:datafield ind1="1" ind2=" " tag="490">
      <marc:subfield code="a">Luzifer junior</marc:subfield>
   </marc:datafield>
   <marc:datafield ind1="1" ind2=" " tag="520">
      <marc:subfield code="a">Luzie und seine Freunde machen sich auf die Suche nach Luzifer senior, der spurlos verschwunden ist. Es sieht ganz so aus, als ob der Teufel höchstpersönlich entthront wurde. Doch was ist mit Luzifers Vater passiert? Und wer hat nun die Macht in der Hölle? Zusammen mit Lilly, Aaron und Gustav reist Luzie hinab in die Unterwelt, um der Sache auf den Grund zu gehen.</marc:subfield>
   </marc:datafield>
   <marc:datafield ind1=" " ind2=" " tag="020">
      <marc:subfield code="a">9783785586389</marc:subfield>
      <marc:subfield code="9">9783785586389</marc:subfield>
   </marc:datafield>
</marc:record>
